Электронная техника. Сер. 5 : Радиодетали: научно-технический сборник

Dettagli Bibliografici
Lingua:russo
Pubblicazione: Москва, ЦНИИ Электроника, 1972-1973
Soggetti:
Natura: MixedMaterials Periodico
KOHA link:https://koha.lib.tpu.ru/cgi-bin/koha/opac-detail.pl?biblionumber=380319

MARC

LEADER 00000nas1a2200000 4500
001 380319
005 20231101062647.0
035 |a (RuTPU)RU\TPU\prd\1147 
035 |a BOOK00001147 
090 |a 380319 
100 |a 20011210b k y0rusy50 ca 
101 0 |a rus 
102 |a RU 
110 |a ahaz|||0uu0 
200 1 |a Электронная техника. Сер. 5 : Радиодетали  |e научно-технический сборник 
210 |a Москва  |c ЦНИИ Электроника  |d 1972-1973 
610 1 |a электронная техника 
610 1 |a радиодетали 
675 |a 621.38  |v 3 
801 0 |a RU  |b 63413507  |c 20011210  |g PSBO 
801 2 |a RU  |b 63413507  |c 20180316  |g PSBO 
942 |c CR